00346nam a2200145Ia 4500003000500000008004100005020001800046040001900064082000700083100002200090245003000112260003800142300000800180546001200188STCL181203s9999 xx 000 0 und d a9789386797025 aSTCLbENcSTCL 222 aBhalla, Surjit S. 4aThe New Wealth of Nations bSimon & SchusteraNew Delhic2017 a207 aEnglish